.NET framework security / (Record no. 190774)
[ view plain ]
| 000 -LEADER | |
|---|---|
| fixed length control field | 00839 a2200205 4500 |
| 003 - CONTROL NUMBER IDENTIFIER | |
| control field | Nust |
| 005 - DATE AND TIME OF LATEST TRANSACTION | |
| control field | 20221018182334.0 |
| 010 ## - LIBRARY OF CONGRESS CONTROL NUMBER | |
| LC control number | 2001093567 |
| 020 ## - INTERNATIONAL STANDARD BOOK NUMBER | |
| International Standard Book Number | 067232184X |
| 040 ## - CATALOGING SOURCE | |
| Transcribing agency | Nust |
| 082 00 - DEWEY DECIMAL CLASSIFICATION NUMBER | |
| Classification number | 005.8,LAM |
| 245 00 - TITLE STATEMENT | |
| Title | .NET framework security / |
| Statement of responsibility, etc. | Brian A. LaMacchia ... [et al.]. |
| 260 ## - PUBLICATION, DISTRIBUTION, ETC. | |
| Place of publication, distribution, etc. | Boston : |
| Name of publisher, distributor, etc. | Addison-Wesley, |
| Date of publication, distribution, etc. | c2002. |
| 300 ## - PHYSICAL DESCRIPTION | |
| Extent | xvii, 793 p. : |
| Other physical details | ill. ; |
| Dimensions | 23 cm. |
| 505 ## - FORMATTED CONTENTS NOTE | |
| Formatted contents note | Part-1: Introduction to the .net Developer platform Security (Page-7), Part-2: Code Access Security Fundamentals (page-43), ASP.NET and web services Security Fundamentals (Page-179), .Net Framework Administration (Page-241), .Net Framework Security for Developers (Page-437). |
| 650 #0 - SUBJECT ADDED ENTRY--TOPICAL TERM | |
| Topical term or geographic name entry element | Computer security. |
| 9 (RLIN) | 570 |
| 650 #0 - SUBJECT ADDED ENTRY--TOPICAL TERM | |
| Topical term or geographic name entry element | Microsoft .NET Framework. |
| 9 (RLIN) | 55646 |
| 700 1# - ADDED ENTRY--PERSONAL NAME | |
| Personal name | LaMacchia, Brian A. |
| 9 (RLIN) | 100704 |
| 942 ## - ADDED ENTRY ELEMENTS (KOHA) | |
| Source of classification or shelving scheme | |
| Koha item type | Book |
| Call number prefix | 005.8,LAM |
| Withdrawn status | Lost status | Source of classification or shelving scheme | Damaged status | Not for loan | Permanent Location | Current Location | Shelving location | Date acquired | Full call number | Barcode | Date last seen | Price effective from | Koha item type | Public note |
|---|---|---|---|---|---|---|---|---|---|---|---|---|---|---|
| Military College of Signals (MCS) | Military College of Signals (MCS) | General Stacks | 12/12/2016 | 005.8,LAM | MCS30462 | 12/08/2016 | 12/12/2016 | Book | Almirah No.9, Shelf No.1 |
